Famous People Named Lee - Statistics

General Stats
  • This quiz has been taken 160 times
  • The average score is 10 of 22
Answer Stats
Life Hint Person % Correct
1939–1963 Was shot by Jack Ruby Lee Harvey Oswald
81%
1940–1973 Enter the Dragon, Fist of Fury Bruce Lee
80%
1926–2016 To Kill a Mockingbird Harper Lee
78%
1935–2022 "Great Balls of Fire" Jerry Lee Lewis
74%
1807–1870 Civil War general Robert E. Lee
73%
1922–2018 Marvel Comics figurehead Stan Lee
72%
1946– The Fugitive, Men in Black Tommy Lee Jones
68%
1922–2015 Dracula, Count Dooku, Saruman Christopher Lee
63%
1958– Halloween, True Lies Jamie Lee Curtis
63%
1939– Six Million Dollar Man, The Fall Guy Lee Majors
53%
1957– Do the Right Thing, BlacKkKlansman Spike Lee
47%
1924–1987 The Dirty Dozen, Liberty Valance Lee Marvin
41%
1954– Life of Pi, Brokeback Mountain Ang Lee
40%
1953– Hosted a morning show with Regis Philbin Kathie Lee Gifford
40%
1955– Inventor of the World Wide Web Tim Berners-Lee
40%
1953– Singer and bassist of Rush Geddy Lee
31%
1981– Lead singer of Evanescence Amy Lee
23%
1972– Sick Boy in Trainspotting Jonny Lee Miller
21%
19??–2001 Singer and guitarist of electric Delta blues John Lee Hooker
19%
1944–2018 Full Metal Jacket drill instructor R. Lee Ermey
19%
1923–2015 1st Prime Minister of Singapore Lee Kuan Yew
14%
1920–2002 Jazz and pop singer, Benny Goodman's band Peggy Lee
5%
No matching quizzes found
Score Distribution
Percent of People with Each Score
Percentile by Number Answered
Your Score History
You have not taken this quiz